[Event "ECU-ch Qual Blitz"]
[Site "Chess.com INT"]
[Date "2021.06.25"]
[Round "7"]
[White "Illares Chumbi, Stefanny Gabriela"]
[Black "Pincay Coloma, Renata Alejandra"]
[Result "1-0"]
[WhiteElo "1770"]
[BlackElo "1590"]
[PlyCount "99"]
[EventDate "2021.06.25"]
[EventType "swiss (blitz)"]
[EventRounds "9"]
[EventCountry "ECU"]
[SourceTitle "CBM 203 Extra"]
[Source "ChessBase"]
[SourceDate "2021.09.30"]
[SourceVersion "1"]
[SourceVersionDate "2021.09.30"]
[SourceQuality "1"]

1. d4 Nf6 2. g3 g6 3. Bg2 Bg7 4. Nf3 d6 5. 0-0 0-0 6. c4 Nbd7 7. Nc3 c6 8. e4 e5 9. d5 cxd5 10. cxd5 a6 11. Be3 Ng4 12. Bc1 Nc5 13. h3 Nf6 14. Re1 b5 15. b4 Nfxe4 16. Nxe4 Nxe4 17. Rxe4 f5 18. Re1 e4 19. Nd4 Qb6 20. Bb2 a5 21. bxa5 Rxa5 22. Re2 Ra4 23. Nc6 Bb7 24. Bxg7 Kxg7 25. Rc2 f4 26. gxf4 Rxf4 27. Qd2 Rf5 28. Rb1 Bxc6 29. Rxc6 Qa7 30. Qb2+ Kh6 31. Qd2+ Kg7 32. Rb2 h6 33. Rxd6 Kf7 34. Re6 Rd4 35. Qe2 Rdxd5 36. Rc6 Rc5 37. Rxc5 Rxc5 38. Bxe4 Rc1+ 39. Kg2 Qc7 40. Bf3 Qd7 41. Rd2 Qf5 42. Bd5+ Kf6 43. Qf3 b4 44. Qxf5+ Kxf5 45. Bb3 Ke4 46. Rd6 Rc5 47. Rxg6 h5 48. Rg3 Kd4 49. h4 Rc1 50. Rg5 1-0

[Event "ECU-ch Qual Blitz"]
[Site "Chess.com INT"]
[Date "2021.06.25"]
[Round "4"]
[White "Illares Chumbi, Stefanny Gabriela"]
[Black "Quezada Pauker, Kathleen Gabriela"]
[Result "0-1"]
[WhiteElo "1770"]
[BlackElo "1719"]
[PlyCount "108"]
[EventDate "2021.06.25"]
[EventType "swiss (blitz)"]
[EventRounds "9"]
[EventCountry "ECU"]
[SourceTitle "CBM 203 Extra"]
[Source "ChessBase"]
[SourceDate "2021.09.30"]
[SourceVersion "1"]
[SourceVersionDate "2021.09.30"]
[SourceQuality "1"]

1. d4 c5 2. c3 Nf6 3. dxc5 g6 4. g3 Bg7 5. Bg2 Na6 6. b4 0-0 7. Nf3 Ng4 8. a3 b6 9. h3 Nf6 10. Ne5 Rb8 11. c6 d6 12. Nc4 Nc7 13. 0-0 Be6 14. Nb2 a5 15. Bf4 Bd5 16. g4 Bxg2 17. Kxg2 Nfd5 18. Bd2 axb4 19. axb4 Nxb4 20. Qb3 Nxc6 21. Nc4 Na5 22. Nxa5 bxa5 23. Qc2 Nd5 24. e4 Nf6 25. Be3 Qc7 26. f4 Rfc8 27. Bd4 e5 28. Be3 Nd7 29. f5 Qc4 30. fxg6 fxg6 31. Rf3 Rf8 32. Nd2 Qc6 33. Raf1 Rxf3 34. Rxf3 Rf8 35. Rxf8+ Bxf8 36. Nb3 Nf6 37. Nxa5 Qa8 38. Nc4 Nxe4 39. Kf1 Qa1+ 40. Ke2 d5 41. Nxe5 Nxc3+ 42. Kd3 d4 43. Bxd4 Qa6+ 44. Nc4 Nd5 45. Qb3 Nf4+ 46. Ke4 Ne6 47. Ne5 Qa8+ 48. Ke3 Qc8 49. Qd5 Bh6+ 50. Kf3 Kf8 51. Nc6 Nxd4+ 52. Ke4 Nxc6 53. Qd6+ Ke8 54. Kd5 Qd7 0-1

[Event "Preinscritos IRT Online"]
[Site "Chess.com INT"]
[Date "2020.12.26"]
[Round "5"]
[White "Illares Chumbi, Stefanny Gabriela"]
[Black "Flores Medina, Oscar Naoki"]
[Result "1-0"]
[WhiteElo "1831"]
[BlackElo "1122"]
[PlyCount "59"]
[EventDate "2020.12.26"]
[EventType "swiss"]
[EventRounds "11"]
[EventCountry "ECU"]
[SourceTitle "CBM 200 Extra"]
[Source "ChessBase"]
[SourceDate "2021.03.31"]
[SourceVersion "1"]
[SourceVersionDate "2021.03.31"]
[SourceQuality "1"]

1. d4 Nf6 2. Nf3 d5 3. c4 e6 4. Nc3 Bb4 5. Bg5 0-0 6. e3 dxc4 7. Bxc4 Bxc3+ 8. bxc3 Nc6 9. 0-0 Na5 10. Bd3 b6 11. Qc2 c5 12. Bxh7+ Kh8 13. Be4 Qe8 14. Bxa8 Bb7 15. Bxb7 Nxb7 16. Bxf6 gxf6 17. Qe2 Rg8 18. Nh4 Kg7 19. Qf3 Kf8 20. Qxb7 e5 21. dxe5 fxe5 22. Qd5 Qe7 23. Nf5 Qg5 24. Qd6+ Ke8 25. Ng3 f5 26. f4 exf4 27. exf4 Qg4 28. Rae1+ Kf7 29. Qe7+ Kg6 30. Re6# 1-0

[Event "Preinscritos IRT Online"]
[Site "Chess.com INT"]
[Date "2020.12.26"]
[Round "1"]
[White "Nevenchenoi, Elisei"]
[Black "Illares Chumbi, Stefanny Gabriela"]
[Result "1-0"]
[WhiteElo "961"]
[BlackElo "1831"]
[PlyCount "59"]
[EventDate "2020.12.26"]
[EventType "swiss"]
[EventRounds "11"]
[EventCountry "ECU"]
[SourceTitle "CBM 200 Extra"]
[Source "ChessBase"]
[SourceDate "2021.03.31"]
[SourceVersion "1"]
[SourceVersionDate "2021.03.31"]
[SourceQuality "1"]

1. e4 e6 2. e5 d5 3. d4 c5 4. dxc5 Bxc5 5. Be3 Bxe3 6. fxe3 Qb6 7. Qd2 Qxb2 8. Qc3 Qc1+ 9. Ke2 Bd7 10. Nd2 Bb5+ 11. Kf2 Bxf1 12. Rxc1 Bb5 13. Qc8+ Ke7 14. Qxb7+ Nd7 15. Qxa8 Ba6 16. Qxa7 Bc8 17. Ngf3 Nh6 18. e4 dxe4 19. Nxe4 f5 20. Nd6 Rd8 21. Rb1 Ng4+ 22. Kg3 h5 23. Rb8 Rf8 24. Nxc8+ Kf7 25. Nd6+ Kg6 26. Qxd7 f4+ 27. Kh4 Rf5 28. Rg8 Rf7 29. Qxf7+ Kh6 30. Qxg7# 1-0

[Event "ECU-ch Schools U15 Girls Clas1"]
[Site "Chess.com INT"]
[Date "2020.11.05"]
[Round "1"]
[White "Morales Balarezo, Estefania De Jesu"]
[Black "Illares Chumbi, Stefanny Gabriela"]
[Result "0-1"]
[WhiteElo "194"]
[BlackElo "193"]
[PlyCount "44"]
[EventDate "2020.11.05"]
[EventType "swiss"]
[EventRounds "9"]
[EventCountry "ECU"]
[SourceTitle "EXT 2022"]
[Source "ChessBase"]
[SourceDate "2021.10.06"]
[SourceVersion "1"]
[SourceVersionDate "2021.10.06"]
[SourceQuality "1"]

1. e4 e6 2. d4 d5 3. e5 c5 4. Nf3 Nc6 5. Bb5 Bd7 6. Nc3 cxd4 7. Nxd4 Nxe5 8. Bf4 Nc6 9. Qd2 Bb4 10. a3 Bxc3 11. Qxc3 Nxd4 12. Bxd7+ Qxd7 13. Qxd4 Nf6 14. 0-0 0-0 15. Rac1 Rac8 16. c4 dxc4 17. Qxd7 Nxd7 18. Bd6 Rfd8 19. Rfd1 Nb6 20. Rc2 Nd5 21. Bb4 Nxb4 22. axb4 Rxd1# 0-1